Statistics for All Smash Characters By Their Boxing Ring Title

Click here to take the quiz!

General Stats

  • This quiz has been taken 40 times
    (33 since last reset)
  • The average score is 47 of 99

Answer Stats

HintAnswer% Correct
King of the KoopasBowser
100%
Mr. Video Game HimselfMario
92%
Princess of ToadstoolsPeach
92%
Prince of the KoopasBowser Jr.
83%
King of the JungleDonkey Kong
75%
Champion of HyruleLink
75%
The Eternal UnderstudyLuigi
75%
The Cosmic TravelersRosalina & Luma
75%
Hyrule's Wise PrincessZelda
75%
Sarasaland's Chipper PrincessDaisy
67%
The PrescriberDr. Mario
67%
King of DarknessGanondorf
67%
The Ring's Raging FlameIncineroar
67%
Pika Pika!Pikachu
67%
The Illusive SheikahSheik
67%
Dark-Winged DoppelgängerDark Pit
58%
Bark, Quack, Boom!Duck Hunt
58%
Part Kid, Part SquidInkling
58%
The Sleepy SingerJigglypuff
58%
The Great Phantom TheifJoker
58%
The Blue BomberMega Man
58%
Masked SwordsmanMeta Knight
58%
The Ramen BomberMin Min
58%
Goddess of LightPalutena
58%
Shockingly AdorablePichu
58%
Captain of Lady Palutena's GuardPit
58%
The AegisPyra/Mythra
58%
Evil's Whip-Wielding BaneSimon
58%
The Blue BlurSonic
58%
Chosen By the KeybladeSora
58%
Wind-Waking WarriorToon Link
58%
The Bold BeautyWendy
58%
Yoga Warrior
The BMI Bandit
Wii Fit Trainer
58%
Master of the OcarinaYoung Link
58%
Astronaut in TrainingAlph
50%
Laid-Back AnimalsBanjo & Kazzoie
50%
The Laughing PranksterIggy
50%
The Mayor's AssistantIssabelle
50%
The Pink DemonKirby
50%
Bruiser from the BronxLittle Mac
50%
Master of AuraLucario
50%
Boy from NowhereLucas
50%
Pompous ProdigyLudwig
50%
The EnforcerMorton
50%
Veteran AstronautOlimar
50%
The Yellow Bane of GhostsPac-Man
50%
Wants to Be the Very BestPokémon Trainer
50%
The Cool OneRoy
50%
Bounty Hunter ExtraordinaireSamus
50%
One-Winged AngelSephiroth
50%
Scoundrel with a Fart of GoldWario
50%
The Silver Space ----Wolf
50%
Umbra WitchBayonetta
42%
Ashen DemonByleth
42%
Prince of YlisseChrom
42%
Blood of DragonsCorrin
42%
Phazon IncarnateDark Samus
42%
End DwellerEnderman
42%
Proud Space AceFalco
42%
Leader of Star ---Fox
42%
The YoungestLarry
42%
Wacky War MachineLemmy
42%
The PSI PowerhouseNess
42%
Bloom of Your DoomPiranha Plant
42%
Azure Vampire AssassinRichter
42%
The Young LionRoy
42%
World CrafterSteve/Alex
42%
Mayor of SmashvilleVillager
42%
Night RoamerZombie
42%
SOLDIER 1st ClassCloud
33%
The AcrobatDiddy Kong
33%
Master of StealthGreninja
33%
Bone-Chilling DuoIce Climbers
33%
The Radiant Hero of LegendIke
33%
Self-Made KingKing Dedede
33%
The Kremling CommanderKing K. Rool
33%
Warrior from a Doomed FutureLucina
33%
The Hero-KingMarth
33%
The S----------r of Many FacesMii Swordfighter
33%
Master of Two DimensionsMr. Game and Watch
33%
The Tactician MagicianRobin
33%
The VisionaryShulk
33%
The Legendary MercenarySnake
33%
Omnivore of the YearYoshi
33%
The Warrior WithinZero Suit Samus
33%
The Legendary HeroErdrick
25%
The Iron Fist of DarknessKazuya
25%
The Fire-Breathing FistKen
25%
The L------yLuminary
25%
The B-----r of Many FacesMii Brawler
25%
The G----r of Many FacesMii Gunner
25%
Cunning God of DeathRidley
25%
The Supersonic SluggerCaptain Falcon
17%
The Dragovian DescendantEight
17%
The Last of His KindR.O.B.
17%
Eternal WandererRyu
17%
The Zenithian HeroSolo
17%
The Legendary WolfTerry
17%
A Legend ReawakensMewtwo
8%

Score Distribution

Percentile by Number Answered

Percent of People with Each Score

Your Score History

You have not taken this quiz since the last reset